00668nam a22002297a 450000500170000001000130001702000220003003500130005203700160006504000120008108200180009310000190011124500810013025000110021126000470022227000420026930000320031150000190034365000410036265000130040370000220041620170124110025.0 aA-448136 c00.00a0521304784 aA-448136 bCen Lib/Ret aDPLbEN a581.0724bDOD aDodds, John H. aExperiments in plant tissue culture /cby John H.Dodds [and] Lorin W.Roberts a2nd ed bCambridge University PressaNew Yorkc1985 a32, East 57th StreetbNew Yorke10022 axvii, 232p. :c20(Hb)bill. aIncludes index aPlant tissue culture -- Experiments. aPlantes. aRoberts, Lorin W.